Marvel KI Bilder - Abstakt - Statistiken

Allgemein
  • Dieses Quiz wurde 768 mal gespielt
  • Das Durchschnittsergebnis liegt bei 10 aus 16
Antwortstatistiken
Bildquiz Antwort % Korrekt
Iron Man
99%
Thor
97%
Black Panther
96%
Thanos
92%
Loki
90%
Wolverine
81%
Ant-Man
80%
Dr Strange
77%
Scarlet Witch
63%
Ultron
56%
Silver Surfer
54%
Mysterio
46%
Moon Knight
43%
Die Fackel/Human Torch
37%
Galactus
26%
Daredevil
10%
Keine übereinstimmenden Quizze gefunden
Verteilung der Resultate
Anzahl Personen mit jedem Resultat
Perzentil nach korrekt beantworteten Fragen
Ihre Resultats-Entwicklung
Sie haben dieses Quiz noch nicht gespielt